Love In Paradise 2 - EPIC: The Musical - Statistics

General Stats
  • This quiz has been taken 32 times
  • The average score is 138 of 222
Answer Stats
Hint Answer % Correct
I
86%
you
86%
Odysseus You
86%
you,
86%
Calypso It
82%
it
82%
be
77%
been
77%
a
73%
are
73%
don't
73%
Athena He
73%
hear
73%
Love
73%
love
73%
Calypso Ody,
73%
the
73%
Odysseus All
68%
all
68%
arms
68%
away
68%
back
68%
Come
68%
come
68%
friend,
68%
from
68%
in
68%
is
68%
I've
68%
know
68%
life,
68%
Life
68%
life
68%
me
68%
my
68%
Calypso Odysseus?
68%
open
68%
screams
68%
time
68%
Time
68%
what
68%
amazing
64%
Odysseus Athena!
64%
can
64%
dear
64%
Every
64%
get
64%
greet
64%
Polites Greet
64%
of
64%
out
64%
out?
64%
paradise
64%
saw
64%
them
64%
to
64%
when
64%
with
64%
years
64%
your
64%
And
59%
control
59%
die
59%
fine,
59%
fine
59%
heavy
59%
help
59%
here
59%
Eurylochus How
59%
how
59%
inside,
59%
inside
59%
ledge
59%
Odysseus Let
59%
let
59%
long
59%
much
59%
needs
59%
Polites No
59%
Athena Seven
59%
she's
59%
so
59%
take
59%
Polites This
59%
through
59%
'til
59%
toll
59%
we
59%
will
59%
comrade
55%
down?
55%
heart
55%
if
55%
Odysseus Just
55%
kept
55%
knew
55%
longer
55%
Odysseus Oh
55%
our
55%
stay
55%
Stay
55%
world
55%
close
50%
eyes
50%
gone
50%
luck
50%
Calypso Please
50%
runs
50%
trapped
50%
hard
45%
I'll
45%
life's
45%
Anticlea Waiting
45%
waiting
45%
we'll
45%
we're
45%
fall
41%
had
41%
leading
41%
up
41%
worse
41%
would
41%
goes
36%
harm
36%
Here's
36%
light
36%
south?
36%
start
36%
face,
32%
matter
32%
place,
32%
show
32%
Polites Whatever
32%
sacrified
18%
No matching quizzes found
Score Distribution
Percent of People with Each Score
Percentile by Number Answered
Your Score History
You have not taken this quiz